<?xml version="1.0" encoding="UTF-8"?><?xml-stylesheet type="text/xsl" href="static/style.xsl"?><OAI-PMH xmlns="http://www.openarchives.org/OAI/2.0/" xmlns:xsi="http://www.w3.org/2001/XMLSchema-instance" xsi:schemaLocation="http://www.openarchives.org/OAI/2.0/ http://www.openarchives.org/OAI/2.0/OAI-PMH.xsd"><responseDate>2026-06-02T05:56:26Z</responseDate><request verb="GetRecord" identifier="oai:riuma.uma.es:10630/29844" metadataPrefix="marc">https://riuma.uma.es/rest/oai/request</request><GetRecord><record><header><identifier>oai:riuma.uma.es:10630/29844</identifier><datestamp>2026-02-03T11:57:09Z</datestamp><setSpec>com_10630_2254</setSpec><setSpec>col_10630_37959</setSpec></header><metadata><record xmlns="http://www.loc.gov/MARC21/slim" xmlns:dcterms="http://purl.org/dc/terms/" xmlns:doc="http://www.lyncode.com/xoai" xmlns:xsi="http://www.w3.org/2001/XMLSchema-instance" xsi:schemaLocation="http://www.loc.gov/MARC21/slim http://www.loc.gov/standards/marcxml/schema/MARC21slim.xsd">
   <leader>00925njm 22002777a 4500</leader>
   <datafield ind2=" " ind1=" " tag="042">
      <subfield code="a">dc</subfield>
   </datafield>
   <datafield ind2=" " ind1=" " tag="720">
      <subfield code="a">Cantarero-Prados, Francisco José</subfield>
      <subfield code="e">author</subfield>
   </datafield>
   <datafield ind2=" " ind1=" " tag="720">
      <subfield code="a">Oropeza Orozco, Oralia</subfield>
      <subfield code="e">author</subfield>
   </datafield>
   <datafield ind2=" " ind1=" " tag="720">
      <subfield code="a">Perles-Roselló, María Jesús</subfield>
      <subfield code="e">author</subfield>
   </datafield>
   <datafield ind2=" " ind1=" " tag="260">
      <subfield code="c">2016</subfield>
   </datafield>
   <datafield ind2=" " ind1=" " tag="520">
      <subfield code="a">Frente a la doble vertiente que implica la gestión efectiva del riesgo a las inundaciones: peligrosidad y  vulnerabilidad  los análisis aplicados para ser usados en planeación urbana en México (fundamentalmente en Atlas de Riesgos Municipales) se centran en la representación de factores indicadores del primero de los conceptos. Al igual que ocurre en otros contextos, la vulnerabilidad ahora empieza a ser tomada en cuenta principalmente a nivel académico. Esta comunicación aporta una revisión en materia de vulnerabilidad social o de medio humano frente al riesgo de inundación en México, para lo cual se realiza una puesta al día en esta materia mediante la revisión de antecedentes a nivel teórico, aplicado y normativo. Tras este repaso por lo trabajado en el ámbito mexicano se extraen puntos fuertes y debilidades del desarrollo del concepto de vulnerabilidad en México y se proponen posibles vías de desarrollo y aplicabilidad</subfield>
   </datafield>
   <datafield ind1="8" ind2=" " tag="024">
      <subfield code="a">Cantarero Prados, F.J; Oropeza Orozco, O.; Perles Roselló, M.J. (2016). Carencias y necesidades de investigación sobre vulnerabilidad frente a las inundaciones en México. En García Marín, R.; Alonso Sarría, F.; Belmonte Serrato, F.; Moreno Muñoz, D. (Eds.), Actas XV Coloquio Ibérico de Geografía. Retos y tendencias de la Geografía Ibérica (pp 108-117). Universidad de Murcia-AGE-APG. Ed. Asociación de Geógrafos Españoles. ISBN: 978-84-944193-4-8</subfield>
   </datafield>
   <datafield ind1="8" ind2=" " tag="024">
      <subfield code="a">https://hdl.handle.net/10630/29844</subfield>
   </datafield>
   <datafield tag="653" ind2=" " ind1=" ">
      <subfield code="a">Inundaciones - Previsiones</subfield>
   </datafield>
   <datafield ind2="0" ind1="0" tag="245">
      <subfield code="a">Carencias y necesidades de investigación sobre vulnerabilidad frente a las inundaciones en México</subfield>
   </datafield>
</record>
</metadata></record></GetRecord></OAI-PMH>